National League-Meister seit 1986 - Statistiken

Allgemein
  • Dieses Quiz wurde 32 mal gespielt
  • Das Durchschnittsergebnis liegt bei 17 aus 38
Antwortstatistiken
Hint Antwort % Korrekt
2024 ZSC
96%
2023 Genève
83%
2022 EV Zug
74%
2021 EV Zug
74%
2019 SC Bern
74%
2017 SC Bern
65%
2018 ZSC
65%
2016 SC Bern
61%
2013 SC Bern
61%
2015 HC Davos
57%
2011 HC Davos
57%
2010 SC Bern
57%
2009 HC Davos
52%
2014 ZSC
52%
2012 ZSC
52%
2007 HC Davos
48%
2004 SC Bern
48%
2008 ZSC
48%
2005 HC Davos
43%
2002 HC Davos
39%
2006 HC Lugano
39%
2003 HC Lugano
39%
1997 SC Bern
39%
2001 ZSC
39%
1998 EV Zug
35%
1999 HC Lugano
35%
2000 ZSC
35%
1996 EHC Kloten
30%
1991 SC Bern
30%
1992 SC Bern
26%
1989 SC Bern
26%
1995 EHC Kloten
22%
1994 EHC Kloten
22%
1993 EHC Kloten
22%
1990 HC Lugano
17%
1988 HC Lugano
13%
1987 HC Lugano
13%
1986 HC Lugano
13%
Keine übereinstimmenden Quizze gefunden
Verteilung der Resultate
Anzahl Personen mit jedem Resultat
Perzentil nach korrekt beantworteten Fragen
Ihre Resultats-Entwicklung
Sie haben dieses Quiz noch nicht gespielt